000
00236nam a22001097a 4500
041
_a
ENG
245
_a
Hari khad ke liye Dhencha ki kheti
260
_a
Delhi
_b
ICER
_c
1986
300
_a
06
650
_a
GAE ( 37 )
856
_u
GAE ( 37 )
999
_c
2630
_d
2630